000 00365 a2200169 4500
001 187483
020 _a85-329-0691-5
040 _cMagnum
100 _aCoelho, Santuza Abras Pinto
240 1 0 _aÉ só subir e cair
_lpor
245 1 0 _aÉ só subir e cair
300 _a12
362 0 _a1993
440 1 _a
697 _aLITERATURA INFANTIL
942 _cBK
999 _c187483
_d187483